000 00597nam a22001697a 4500
999 _c5803
_d5803
003 GBCCL
005 20241126110550.0
008 180409b ||||| |||| 00| 0 eng d
040 _cgbc
082 _a248
_bPRI
100 _aPrince, Derek
_97775
245 _aLife changing Spiritual power:
_bDivine Exchange; How to Pass from Curse to Blessing; The Holy Spirit in You; God's Medicine Bottle; Spiritual Warfare; Self-Study Bible Course /
_cDerek Prince
260 _aSouth India:
_bDerek Prince Ministries,
_c1999
300 _a312 p.;
_c22 cm.
650 _aChristian life
_9183
942 _2ddc
_cBK
_01